000 01042nam a22003137a 4500
003 CHAP
005 20220329133545.0
008 971013s1993 r 00010 d
010 _a7855
011 _a8827
035 _a8058
040 _cCHAP
090 _aTesis
100 0 0 _aGoche Telles, José Rodolfo.
_948431
245 _aEstudio tecnológico de la madera de Quercus sideroxyla del estado de Durango
260 _aChapingo, Méx. :
_bEl autor,
_c1993
300 _a63 h.
502 _aTesis (Ing. For. con Orientación en Industrias Forestales) -- UACH. División de Ciencias Forestales
590 _aALEPH
_b10
_c20130110
_lUCH01
_h1220
590 _aBATCH-UPD
_b10
_c20130110
_lUCH01
_h1608
590 _aBATCH-UPD
_b10
_c20130410
_lUCH01
_h1004
590 _aBATCH-UPD
_b10
_c20130914
_lUCH01
_h1738
590 _aCONVERSION
_b10
_c20130109
_lUCH01
_h1305
650 1 4 _aMadera
_xPropiedades y usos.
_969621
650 1 4 _aQuercus (madera)
_993182
901 _aBK
942 _cTESIS
949 _bBC
_cTES
_d-18164
_eTS1
_h26107
_i8058
_si
999 _c7855
_d7855